00963nab a2200265 uc450000100070000000500170000700800410002403500110006503500210007604000130009704100080011010000380011824501510015665000220030765000230032965000350035265000250038765000320041265000310044470000370047570000380051277301180055094200100066899900190067862439720240827091505.0000925e19991101 spa  a624397 a(OCoLC)819843748 ccomduadb aspa10aZarate, Modesto4auteaut932368610aEstudio estructural y ecologico de los bosques relictos de tres especies de pinos de monte (Podocarpus spp., podocarpaceae) en Cochabamba, Bolivia aPodocarpus966639 7aBosques2lemb9524 aConservación de bosques9525 aComposición954324 aCochabamba (Bolivia)929839 aEcología de bosques923410aGoitia, Delfin4auteaut951485810aLazarte, German4auteaut93236870 tRevista Boliviana de Ecología y Conservación Ambiental (Bolivia)gNo. 05, Nov. 1999, p. 51-69w6124900183745 cARIMP c161047d161047